| 000 | 00618nam a2200217 a 4500 | ||
|---|---|---|---|
| 001 | 46432 | ||
| 003 | BD-RjUL | ||
| 005 | 20211209054143.0 | ||
| 008 | 160802s1961 ii 000 0 eng | ||
| 035 | _a(BD-RjUL)46550 | ||
| 040 |
_aDLC _cDLC _dBD-RjUL _beng |
||
| 041 | _aeng | ||
| 082 |
_a346.6807 _223 _bSHM 1961 |
||
| 100 | 1 |
_aShukla, M. C. _9141737 |
|
| 245 | 0 | 2 |
_aA manual of mercantile law : _bincluding industrial law, trusts and registration / _c M. C.Shukla |
| 250 | _a6th rev. ed. | ||
| 260 |
_aDelhi : _bS. Chand, _c1959. |
||
| 300 |
_a780 p. ; _c22 |
||
| 650 |
_amercantile law _9141738 |
||
| 942 |
_2ddc _cBK |
||
| 999 |
_c46432 _d46432 |
||